书目信息 |
| 题名: |
雍正皇帝:恨水东逝
|
|
| 作者: | 二月河 著 | |
| 分册: | ||
| 出版信息: | 武汉 长江文艺出版社 1925 |
|
| 页数: | 648页 | |
| 开本: | 32开 | |
| 丛书名: | ||
| 单 册: | ||
| 中图分类: | I247.53 | |
| 科图分类: | ||
| 主题词: | 小说--中国 | |
| 电子资源: | ||
| ISBN: | 7-5354-1107-X | |
| 000 | 00556nam0 2200193 45 | |
| 001 | 0006140967 | |
| 005 | 20000614094335.0 | |
| 010 | @a7-5354-1107-X@d25.00元 | |
| 100 | @a20000614d1925 km y0chiy0120 ea | |
| 101 | 0 | @achi |
| 105 | @a z 000yy | |
| 200 | 1 | @a雍正皇帝:恨水东逝@AYong Zheng Huang Di:Hen Shui Dong Shi@f二月河著@FEr Yue He Zhu |
| 210 | @a武汉@c长江文艺出版社@d1925 | |
| 215 | @a648页@d32开 | |
| 606 | 0 | @a小说@x中国 |
| 690 | @aI247.53@v3 | |
| 701 | 0 | @a二月河@4著 |
| 801 | @aCN@bPftUser@c20000614 | |
| 905 | @b202068-070@dI247.53@eE.309:3@f3 | |
| 雍正皇帝:恨水东逝/二月河著.-武汉:长江文艺出版社,1925 |
| 648页;32开 |
| ISBN 7-5354-1107-X:25.00元 |
| ● |
| 相关链接 |
|
|
|
正题名:雍正皇帝:恨水东逝
索取号:I247.53/E.309:3
 
预约/预借
| 序号 | 登录号 | 条形码 | 馆藏地/架位号 | 状态 | 备注 |
| 1 | 202068 | 202020687 | 文学库108/ [索取号:I247.53/E.309:3] | 在馆 | |
| 2 | 202069 | 202020696 | 文学库108/ [索取号:I247.53/E.309:3] | 在馆 | |
| 3 | 202070 | 202020703 | 文学库108/ [索取号:I247.53/E.309:3] | 在馆 |